000 00801nam a2200253Ia 4500
003 OSt
005 20221005042908.0
006 a|||||r|||| 00| 0
007 ta
008 221004b |||||||| |||| 00| 0 eng d
020 _a0748617027 (hbk)
_c5002.89
024 _a96149
037 _b3308, 11/02/2009, Bharat Scientific Syndicate
_cTextual
040 _aCRL
_cCRL
_beng
041 _2eng
_aeng
082 _aO111,3M99:g, P3
100 _aEllmann Maud
245 0 _aElizabeth Bowen
_b The shadow across the page
260 _aEdinburgh
_bEdinburgh University Press UK
_c2003
300 _axiv, 241p.
_ccm.
650 _aENGLISH LITERATURE
942 _hO111,3M99:g, P3
_cTEXL
_2cc
999 _c951033
_d951033